书目信息 |
| 题名: |
中国动物志
|
|
| 作者: | 邹仁林 | |
| 分册: | ||
| 出版信息: | 北京 科学出版社 2001 |
|
| 页数: | 289 | |
| 开本: | 26cm | |
| 丛书名: | ||
| 单 册: | ||
| 中图分类: | Q19 | |
| 科图分类: | ||
| 主题词: | 生物学:分类学 | |
| 电子资源: | ||
| ISBN: | 7-03-008367-9 | |
| 000 | 00679nam0 2200193 450 | |
| 001 | 0741144344 | |
| 005 | 20070817112544.34 | |
| 010 | @a7-03-008367-9@b精装@d¥70.00 | |
| 100 | @a20070817d km y0chiy0120 ea | |
| 101 | 0 | @achi |
| 200 | 1 | @a中国动物志@Azhong guo dong wu zhi@e腔肠动物门 珊瑚虫纲 石珊瑚目 造礁石珊瑚@f邹仁林@Fzou ren lin |
| 210 | @a北京@c科学出版社@d2001 | |
| 215 | @a289@c彩图@d26cm | |
| 517 | 1 | @a腔肠动物门 珊瑚虫纲 石珊瑚目 造礁石珊瑚@Aqiang chang dong wu men shan hu chong gang shi shan hu mu zao jiao shi shan hu |
| 606 | 0 | @a生物学:分类学 |
| 690 | @aQ19@v3 | |
| 701 | 0 | @a邹仁林@Azou ren lin |
| 801 | 0 | @aCN@bPFT@c20070817 |
| 905 | @a213230@dQ19@en1:1@f1 | |
| 中国动物志:腔肠动物门 珊瑚虫纲 石珊瑚目 造礁石珊瑚/邹仁林.-北京:科学出版社,2001 |
| 289:彩图;26cm |
| ISBN 7-03-008367-9(精装):¥70.00 |
| ● |
| 相关链接 |
|
|
|
|
正题名:中国动物志
索取号:Q19/n1:1
 
预约/预借
| 序号 | 登录号 | 条形码 | 馆藏地/架位号 | 状态 | 备注 |
| 1 | 6600087 | 266000873 | 密集书库-生命科学系/ [索取号:Q19/n1:1] | 在馆 |